00562nam a22001697a 4500008004100000040001800041041000800059100001500067245006800082260006300150300001800213500008300231650002300314650001200337650002600349650001700375130821s1953 it gr ita  aCo-BoUCMbspa00aita aDore, M. C00aGrammatica latinabmorfologia regolare e irregolarecM. C. Dore aBolonia (Emilia-Romaña, Itlaia)bNicola Zanichellic1953 a295 páginas aIncluye índice. -- Este libro se encuentra en el depósito de la biblioteca04aGramática latina04aLatín04aLatínxMorfología04aMorfología